Banky musí reagovat na stále rostoucí očekávaní klientů

Ako sa menia očakávania klientov v čase. Otázka, či banky stíhajú reagovať na očakávanie klientov. Príčina negatívnych a pozitívnych emócií v rámci obchodných jednaní.

Na minha lista:
Detalhes bibliográficos
Autor principal: Pospíšilová, Tereza
Formato: Capítulo de Livro
Idioma:tcheco
Assuntos:
Tags: Adicionar Tag
Sem tags, seja o primeiro a adicionar uma tag!

MARC

LEADER 00000naa a2200000 4500
001 0259301
005 20221104110325.3
041 0 |a cze 
044 |a CZ 
245 1 0 |a Banky musí reagovat na stále rostoucí očekávaní klientů  |c Tereza Pospíšilová 
520 |a Ako sa menia očakávania klientov v čase. Otázka, či banky stíhajú reagovať na očakávanie klientov. Príčina negatívnych a pozitívnych emócií v rámci obchodných jednaní. 
610 2 0 |a banky 
610 2 0 |a klienti 
610 2 0 |a spokojnosť zákazníkov 
610 2 0 |a služby bankové 
610 2 0 |a emócie 
610 2 0 |a komunikácia obchodná 
100 1 |a Pospíšilová, Tereza